The Mahabharata in Kathakali dance drama / (Record no. 17897)
[ view plain ]
| 000 -LEADER | |
|---|---|
| fixed length control field | 006250000a22002170004500 |
| 003 - CONTROL NUMBER IDENTIFIER | |
| control field | dpl |
| 005 - DATE AND TIME OF LATEST TRANSACTION | |
| control field | 2008102909509.0 |
| 008 - FIXED-LENGTH DATA ELEMENTS--GENERAL INFORMATION | |
| fixed length control field | 081029t xxu||||| |||| 00| 0 eng d |
| 010 ## - LIBRARY OF CONGRESS CONTROL NUMBER | |
| LC control number | ENG-84593 |
| 020 ## - INTERNATIONAL STANDARD BOOK NUMBER | |
| International Standard Book Number | 8182201810 |
| 020 ## - INTERNATIONAL STANDARD BOOK NUMBER | |
| Terms of availability | 470.00 (hb) |
| 035 ## - SYSTEM CONTROL NUMBER | |
| System control number | EN-68126 |
| 082 ## - DEWEY DECIMAL CLASSIFICATION NUMBER | |
| Classification number | 793.31 |
| 245 ## - TITLE STATEMENT | |
| Title | The Mahabharata in Kathakali dance drama / |
| Statement of responsibility, etc | translated by David Bolland; edited by N K Singh |
| 260 ## - PUBLICATION, DISTRIBUTION, ETC. (IMPRINT) | |
| Place of publication, distribution, etc | New Delhi |
| Name of publisher, distributor, etc | Global Vision Publishing House |
| 260 ## - PUBLICATION, DISTRIBUTION, ETC. (IMPRINT) | |
| Date of publication, distribution, etc | 2006 |
| 300 ## - PHYSICAL DESCRIPTION | |
| Extent | viii,133p |
| Dimensions | 22cm |
| 700 ## - ADDED ENTRY--PERSONAL NAME | |
| Personal name | Bolland, David |
| Titles and other words associated with a name | tr |
| 700 ## - ADDED ENTRY--PERSONAL NAME | |
| Personal name | Singh, N K |
| Titles and other words associated with a name | ed |
| 942 ## - ADDED ENTRY ELEMENTS (KOHA) | |
| Source of classification or shelving scheme | Dewey Decimal Classification |
| Koha item type | English Books |
| Classification part | 793.31 |
| Call number suffix | MAH |
No items available.
